| 000 | 00737nam a22002537a 4500 | ||
|---|---|---|---|
| 001 | 14401 | ||
| 003 | BD-JhCC | ||
| 005 | 20250909122851.0 | ||
| 008 | 250909b |||||||| |||| 00| 0 eng d | ||
| 020 | _a9780147510426 | ||
| 035 | _a(BD-JhCC) 14401 | ||
| 040 |
_aBD-JhCC _dBD-JhCC |
||
| 041 | _aeng | ||
| 082 |
_223 _a621.4 _bKAM 2023 |
||
| 100 | _aKamkwamba, William | ||
| 245 |
_a The boy who harnessed the wind / _cWilliam Kamkwamba, Bryan Mealer, Anna Hymas (Illustrator) |
||
| 250 | _aThe Young Readers ed. | ||
| 260 |
_aNew York: _bPenguin Random House, _c2023 |
||
| 300 |
_a293p.; _bill., _c20 cm. _ePaper binding |
||
| 650 | _aAutobiographies | ||
| 650 | _aAutodidaxie Malawi | ||
| 700 | _aMealer, Bryan | ||
| 942 |
_2ddc _cBK |
||
| 999 |
_c14401 _d14401 |
||